| 000 | 00845nam a2200241 i 4500 | ||
|---|---|---|---|
| 001 | 28401 | ||
| 003 | ES-MaACL | ||
| 005 | 20230906153840.0 | ||
| 007 | t| | ||
| 008 | 030117s1984 sp ||||1| spa d | ||
| 020 | _a84-505-0634-4 | ||
| 100 | 1 |
_aBaptista Burgos, Ricardo. _925250 |
|
| 245 | 1 | 0 |
_aDesgravación fiscal a la exportación / _cpreparación del texto por Ricardo Baptista Burgos. |
| 250 | _a[2ª ed. rev.]. | ||
| 260 |
_aMadrid : _bBanco Exterior de España, Servicio de Estudios Económicos, _c[1984] |
||
| 300 |
_a80 p. ; _c19 cm. |
||
| 490 | 1 |
_aManuales Extebank. Serie comercio exterior ; _v7 |
|
| 710 | 0 | 0 |
_aBanco Exterior de España. _92123 |
| 830 | 0 |
_aManuales Extebank. Serie comercio exterior ; _v7 _9180627 |
|
| 852 |
_aES-MaACL _jL-12033 _bR.114100 |
||
| 852 |
_aES-MaACL _jL-12670 _bR.114166 |
||
| 999 |
_c28401 _d28401 |
||